| 000 | 00538nam a2200181Ia 4500 | ||
|---|---|---|---|
| 999 |
_c30092 _d30092 |
||
| 003 | OSt | ||
| 005 | 20210107085616.0 | ||
| 008 | 190216s9999||||xx |||||||||||||| ||und|| | ||
| 020 | _a9788126452712 | ||
| 040 | _coclc | ||
| 082 |
_a300 _bMER/M |
||
| 100 | 1 |
_aMernissi, Fatima _91833 |
|
| 245 | 0 |
_aMukhapadathinappurathe Nerukal : _bAn Pen Bandham Muslim Samoohathil / _cFatima Mernissi |
|
| 260 |
_bDc Books, _c2015. _aKottayam: |
||
| 300 | _a199p | ||
| 650 | _aPadanam | ||
| 942 |
_cBK _2ddc _h300 _iMER/M _k300 _mMER/M |
||